00553nam a22001695i 4500001000700000003000900007005001700016008004100033040002000074100002600094245009300120260005000213300002100263700002400284700002100308852005400329156533ES-MaACL20230906210432.0000614s1740 it |||| | lat d aEUS bspa cEUS1 aJuvenal, Decio Junio.10aD. Junii Juvenalis ; et A. Persii Flacci Satyrae / ccum annotationibus Thomae Farnabii. aVenetiis : bapud Franciscum Pitteri, c1740. a252 p. ; c12ยบ.11aPersio Flaco, Aulo.1 aFarnaby, Thomas. aES-MaACLjR-578 z-- Enc. perg. x Olim: D-499